[Event "URU-ch sf"]
[Site "Montevideo"]
[Date "2024.02.12"]
[Round "6"]
[White "Flores Pedreira, Guillermo"]
[Black "Steiner, Matias"]
[Result "1-0"]
[WhiteElo "1643"]
[BlackElo "1801"]
[PlyCount "49"]
[EventDate "2024.02.09"]
[EventType "swiss"]
[EventRounds "7"]
[EventCountry "URU"]
[SourceTitle "CB08_2024"]
[SourceDate "2024.02.21"]
[SourceVersion "1"]
[SourceVersionDate "2024.02.21"]
[SourceQuality "1"]

1. e4 c5 2. d3 Nc6 3. g3 Nf6 4. Bg2 g6 5. Nf3 d5 6. Nbd2 Bg7 7. 0-0 0-0 8. Re1 dxe4 9. dxe4 e5 10. c3 h6 11. Qb3 Rb8 12. Qa3 Qe7 13. Nc4 Re8 14. Ncxe5 Nxe5 15. Nxe5 Nxe4 16. Nxg6 fxg6 17. Bxe4 Bh3 18. Bf4 Be5 19. Bxg6 Qf6 20. Bxe5 Qxg6 21. Qb3+ Kh7 22. Bxb8 Rxb8 23. Re7+ Kh8 24. Qd5 Rf8 25. Rae1 1-0

[Event "URU-ch sf"]
[Site "Montevideo"]
[Date "2024.02.12"]
[Round "5"]
[White "Tonelli, Julian"]
[Black "Flores Pedreira, Guillermo"]
[Result "0-1"]
[WhiteElo "1506"]
[BlackElo "1643"]
[PlyCount "64"]
[EventDate "2024.02.09"]
[EventType "swiss"]
[EventRounds "7"]
[EventCountry "URU"]
[SourceTitle "CB08_2024"]
[SourceDate "2024.02.21"]
[SourceVersion "1"]
[SourceVersionDate "2024.02.21"]
[SourceQuality "1"]

1. d4 d5 2. Nf3 Nf6 3. e3 Bg4 4. Nbd2 e6 5. Bd3 c5 6. c3 Nc6 7. 0-0 cxd4 8. exd4 Bd6 9. Re1 0-0 10. Qc2 Qc7 11. h3 Bh5 12. Ng5 h6 13. Nh7 Nxh7 14. Bxh7+ Kh8 15. Bd3 Rac8 16. g4 Bg6 17. Bxg6 fxg6 18. Qxg6 Rf6 19. Qh5 Bh2+ 20. Kg2 Rcf8 21. f3 Qg3+ 22. Kf1 Rxf3+ 23. Ke2 Re3+ 24. Kd1 Qxe1+ 25. Kc2 Nxd4+ 26. Kb1 Qxd2 27. Bxd2 Rf1+ 28. Bc1 Ree1 29. b4 Rxc1+ 30. Kb2 Rc2+ 31. Ka3 Rxc3+ 32. Ka4 b5+ 0-1

[Event "URU-ch sf"]
[Site "Montevideo"]
[Date "2024.02.09"]
[Round "1"]
[White "Flores Pedreira, Guillermo"]
[Black "Saralegui Cassan, Mario"]
[Result "0-1"]
[WhiteElo "1643"]
[BlackElo "1994"]
[PlyCount "84"]
[EventDate "2024.02.09"]
[EventType "swiss"]
[EventRounds "7"]
[EventCountry "URU"]
[SourceTitle "CB08_2024"]
[SourceDate "2024.02.21"]
[SourceVersion "1"]
[SourceVersionDate "2024.02.21"]
[SourceQuality "1"]

1. e4 e5 2. Nf3 Nc6 3. Bc4 Nf6 4. d3 Be7 5. c3 0-0 6. h3 d6 7. Bg5 h6 8. Bh4 a6 9. a4 Nh7 10. Bxe7 Qxe7 11. b4 Ng5 12. Nbd2 Ne6 13. g3 Kh7 14. Nh4 g6 15. Qe2 Ng5 16. f4 exf4 17. gxf4 Ne6 18. Ng2 Qf6 19. 0-0 Ng7 20. d4 Bxh3 21. e5 Qe7 22. Ne4 Nf5 23. Nf6+ Kg7 24. Qd3 Bxg2 25. Kxg2 Rad8 26. Qh3 dxe5 27. fxe5 Nxe5 28. dxe5 Qxe5 29. Ng4 Qe4+ 30. Kg1 h5 31. Ne5 Qxe5 32. Rae1 Qg3+ 33. Qxg3 Nxg3 34. Rf3 Nf5 35. Re5 Rfe8 36. Rexf5 gxf5 37. Rxf5 f6 38. Rxh5 Re3 39. Rh4 Rxc3 40. Re4 Rd2 41. Rg4+ Kh6 42. Bf1 Rc1 0-1

[Event "Montevideo Duchamp Cup 7th"]
[Site "Montevideo"]
[Date "2024.02.08"]
[Round "8"]
[White "Flores Pedreira, Guillermo"]
[Black "Avedisian, Alexander"]
[Result "1-0"]
[WhiteElo "1643"]
[BlackElo "1866"]
[PlyCount "169"]
[EventDate "2024.02.01"]
[EventType "swiss"]
[EventRounds "9"]
[EventCountry "URU"]
[SourceTitle "CB07_2024"]
[SourceDate "2024.02.14"]
[SourceVersion "1"]
[SourceVersionDate "2024.02.14"]
[SourceQuality "1"]

1. e4 c5 2. d3 Nc6 3. g3 g6 4. Bg2 Bg7 5. Ne2 d6 6. 0-0 Nf6 7. Nbc3 e5 8. f4 exf4 9. Bxf4 0-0 10. Qd2 Ne5 11. Bg5 Be6 12. Qf4 Ned7 13. Qxd6 h6 14. Bxf6 Bxf6 15. Nd5 Bxb2 16. Rab1 Be5 17. Qe7 Bxd5 18. Qxd8 Raxd8 19. exd5 b6 20. a4 Nf6 21. c4 Ng4 22. Rf3 Bg7 23. h3 Ne5 24. Re3 Rd6 25. Rc1 f5 26. d4 cxd4 27. Nxd4 f4 28. gxf4 Rxf4 29. Nb5 Rd8 30. Re4 Nd3 31. Rxf4 Nxf4 32. Re1 a6 33. Nc7 Bd4+ 34. Kf1 Rf8 35. Re8 Rxe8 36. Nxe8 Nxg2 37. Kxg2 Be5 38. d6 Kf7 39. Nc7 Bxd6 40. Nd5 Bc5 41. Kf3 a5 42. Ke4 Ke6 43. Nc3 Kf6 44. Kf4 Bd6+ 45. Kf3 Ke5 46. Ne2 h5 47. Nf4 Kf5 48. Nd5 Bc5 49. Nf4 Kg5 50. Ke4 Bd6 51. Nd5 Bc5 52. Nf4 Bf2 53. Ng2 h4 54. Nf4 Kf6 55. Nd3 Bg1 56. Ne5 Bc5 57. Ng4+ Kg5 58. Ne5 Kh5 59. Ng4 Bd6 60. Ne3 Kg5 61. Nd5 Bc5 62. Nf4 Kf6 63. Nd5+ Kf7 64. Kf4 Be7 65. Nxb6 Ke6 66. Ke4 Kd6 67. Nc8+ Kd7 68. Nxe7 Kxe7 69. Kf4 Kd6 70. Kg4 Kc5 71. Kxh4 Kxc4 72. Kg5 Kb4 73. Kxg6 Kxa4 74. h4 Kb3 75. h5 Kc2 76. h6 a4 77. h7 a3 78. h8Q Kb1 79. Qh1+ Kb2 80. Qg2+ Kb1 81. Qf1+ Kb2 82. Qe2+ Kb1 83. Qd1+ Kb2 84. Qd2+ Kb3 85. Qc1 1-0

[Event "Montevideo Duchamp Cup 7th"]
[Site "Montevideo"]
[Date "2024.02.01"]
[Round "1"]
[White "Munoz Perez, Rolando"]
[Black "Flores Pedreira, Guillermo"]
[Result "1-0"]
[WhiteElo "2123"]
[BlackElo "1643"]
[PlyCount "87"]
[EventDate "2024.02.01"]
[EventType "swiss"]
[EventRounds "9"]
[EventCountry "URU"]
[SourceTitle "CB07_2024"]
[SourceDate "2024.02.14"]
[SourceVersion "1"]
[SourceVersionDate "2024.02.14"]
[SourceQuality "1"]

1. e4 e5 2. Nf3 Nc6 3. Nc3 Bc5 4. Bb5 d6 5. d4 exd4 6. Nxd4 Bd7 7. Bxc6 bxc6 8. Nb3 Bb6 9. Qf3 Qf6 10. Qg3 h6 11. 0-0 Ne7 12. a4 a5 13. Kh1 Be6 14. f4 Bxb3 15. cxb3 Bd4 16. Bd2 Qe6 17. Qd3 Bxc3 18. Bxc3 Qxb3 19. Ra3 Qb6 20. Bxg7 Rg8 21. Rb3 Qa6 22. Qxa6 Rxa6 23. Bxh6 Rb6 24. Rxb6 cxb6 25. f5 Kd7 26. Bf4 d5 27. f6 Ng6 28. exd5 cxd5 29. Be3 Rb8 30. g3 Ke6 31. Bd4 b5 32. axb5 Rxb5 33. Bc3 a4 34. Ra1 Ne5 35. Re1 d4 36. Bxd4 Kxf6 37. Kg2 Kf5 38. Rxe5+ Rxe5 39. Bxe5 Kxe5 40. Kf3 Kf5 41. g4+ Kg5 42. Kg3 f5 43. h4+ Kg6 44. g5 1-0

[Event "URU-chT3"]
[Site "Montevideo"]
[Date "2023.07.21"]
[Round "1.4"]
[White "Flores Pedreira, Guillermo"]
[Black "Fernandez Suarez, Marcos"]
[Result "1-0"]
[WhiteElo "1547"]
[BlackElo "1652"]
[PlyCount "58"]
[EventDate "2023.07.21"]
[EventType "swiss"]
[EventRounds "5"]
[EventCountry "URU"]
[SourceTitle "EXT 2024"]
[Source "ChessBase"]
[SourceDate "2023.10.10"]
[SourceVersion "1"]
[SourceVersionDate "2023.10.10"]
[SourceQuality "1"]
[WhiteTeam "Progreso"]
[BlackTeam "Zwischenzug"]
[WhiteTeamCountry "URU"]
[BlackTeamCountry "URU"]

1. e4 c5 2. Nf3 d6 3. d4 cxd4 4. Nxd4 Nf6 5. Nc3 a6 6. Be2 e5 7. Nb3 Be6 8. Be3 Be7 9. Qd2 Nbd7 10. f4 Qc7 11. f5 Bc4 12. Rd1 b5 13. Bd3 Rc8 14. 0-0 0-0 15. Rf3 Nb6 16. Qf2 Bd8 17. Qg3 Nh5 18. Qh3 g6 19. Bh6 Re8 20. fxg6 hxg6 21. Bxc4 bxc4 22. Nd2 Be7 23. Rdf1 f6 24. Be3 Rf8 25. Kh1 Nd7 26. Qe6+ Rf7 27. Nd5 Kh8 28. Nxc4 Nf8 29. Nxe7 Qxc4 1-0

[Event "URU-ch sf2"]
[Site "Colonia del Sacramento"]
[Date "2023.02.17"]
[Round "1"]
[White "Palacio, Enzo"]
[Black "Flores Pedreira, Guillermo"]
[Result "1-0"]
[WhiteElo "1946"]
[BlackElo "1529"]
[PlyCount "103"]
[EventDate "2023.02.17"]
[EventType "swiss"]
[EventRounds "7"]
[EventCountry "URU"]
[SourceTitle "CBM 213 Extra"]
[Source "ChessBase"]
[SourceDate "2023.05.31"]
[SourceVersion "1"]
[SourceVersionDate "2023.05.31"]
[SourceQuality "1"]

1. e4 e5 2. Nf3 Nc6 3. Bb5 Bc5 4. c3 a6 5. Ba4 Nf6 6. d3 b5 7. Bb3 d6 8. 0-0 Bg4 9. Re1 0-0 10. h3 Bh5 11. Bg5 h6 12. Bxf6 gxf6 13. g4 Bg6 14. Bd5 Qd7 15. Nh4 Kh7 16. Qf3 Kg7 17. Kh2 Rae8 18. b4 Bb6 19. Nd2 Ne7 20. Bb3 c5 21. Nf1 Nc6 22. a3 a5 23. a4 axb4 24. axb5 Na5 25. Rxa5 Bxa5 26. Ng3 Rg8 27. Qe3 Kf8 28. Qxh6+ Ke7 29. Ngf5+ Kd8 30. cxb4 Rh8 31. Qg7 Bb6 32. Qxf6+ Kc7 33. Bd5 cxb4 34. Rc1+ Bc5 35. Nxg6 fxg6 36. Qxg6 Ref8 37. Kg2 Kb6 38. Ra1 Kxb5 39. Bc4+ Kb6 40. f3 Rb8 41. Ra6+ Kc7 42. Bb3 Qh7 43. Qxh7+ Rxh7 44. g5 Kb7 45. Ra2 Rh5 46. h4 Rhh8 47. g6 Kc7 48. g7 Rhg8 49. Ne7 d5 50. Nxd5+ Kc6 51. Ra6+ Kb7 52. Rg6 1-0

[Event "Montevideo Trebejos op 03"]
[Site "Montevideo"]
[Date "2022.03.25"]
[Round "6"]
[White "Vassallo, Julio"]
[Black "Flores Pedreira, Guillermo"]
[Result "1-0"]
[WhiteElo "1605"]
[BlackElo "1782"]
[PlyCount "113"]
[EventDate "2022.03.07"]
[EventType "swiss"]
[EventRounds "6"]
[EventCountry "URU"]
[SourceTitle "EXT 2023"]
[Source "ChessBase"]
[SourceDate "2022.10.05"]
[SourceVersion "1"]
[SourceVersionDate "2022.10.05"]
[SourceQuality "1"]

1. e4 e5 2. Nf3 Nc6 3. Bb5 a6 4. Ba4 Nf6 5. d3 b5 6. Bb3 d6 7. c3 Bg4 8. 0-0 Na5 9. Bc2 c5 10. Nbd2 Be7 11. Re1 0-0 12. Nf1 d5 13. exd5 Qxd5 14. Ne3 Qd6 15. Nxg4 Nxg4 16. h3 Nf6 17. Nxe5 Nd5 18. Bd2 Bf6 19. Ng4 b4 20. Nxf6+ Nxf6 21. Qf3 Rad8 22. Bf4 Qd5 23. Bc7 Qxf3 24. gxf3 Nc6 25. Bxd8 Rxd8 26. Ba4 Na7 27. Re7 Nc8 28. Rc7 bxc3 29. bxc3 Nb6 30. Bb3 Nbd5 31. Bxd5 Nxd5 32. Rxc5 Nf4 33. Kf1 g6 34. h4 Rxd3 35. Rc4 Rxf3 36. Re1 Nd3 37. Re8+ Kg7 38. Ke2 Nb2 39. Rb4 Rxc3 40. Rxb2 Rc4 41. Kf3 Rxh4 42. Re4 Rh5 43. Ra4 a5 44. Re2 Rf5+ 45. Rf4 Rc5 46. Re7 h5 47. Rfxf7+ Kh6 48. Kf4 Rc4+ 49. Re4 Rc2 50. Kg3 Rxa2 51. Ra7 Ra3+ 52. Kg2 Ra2 53. Re6 Ra4 54. Rea6 Rg4+ 55. Kf1 h4 56. Rxa5 g5 57. R5a6+ 1-0

[Event "Montevideo Trebejos op 03"]
[Site "Montevideo"]
[Date "2022.03.14"]
[Round "3"]
[White "Flores Pedreira, Guillermo"]
[Black "Montoli, Sebastian"]
[Result "0-1"]
[WhiteElo "1782"]
[BlackElo "1858"]
[PlyCount "66"]
[EventDate "2022.03.07"]
[EventType "swiss"]
[EventRounds "6"]
[EventCountry "URU"]
[SourceTitle "EXT 2023"]
[Source "ChessBase"]
[SourceDate "2022.10.05"]
[SourceVersion "1"]
[SourceVersionDate "2022.10.05"]
[SourceQuality "1"]

1. e4 c6 2. d4 d5 3. Nc3 dxe4 4. Nxe4 Bf5 5. f3 e6 6. Ng3 Bg6 7. Bc4 Qb6 8. N1e2 Qb4+ 9. c3 Qxc4 10. Nf4 Nf6 11. Bd2 Nd5 12. b3 Qa6 13. Nxg6 hxg6 14. Ne4 Qd3 15. c4 Ne3 16. Bxe3 Qxe3+ 17. Qe2 Bb4+ 18. Kf1 Qxe2+ 19. Kxe2 Be7 20. Rad1 Nd7 21. d5 cxd5 22. cxd5 exd5 23. Rxd5 Nf6 24. Re5 Nxe4 25. Rxe4 Rc8 26. a3 f6 27. Rd1 Rc7 28. Rdd4 Kf7 29. Rc4 Rhc8 30. Kd3 Rxc4 31. Rxc4 Rxc4 32. Kxc4 Ke6 33. b4 Bd6 0-1

[Event "Montevideo Trebejos op 03"]
[Site "Montevideo"]
[Date "2022.03.07"]
[Round "1"]
[White "Olivera, Omar"]
[Black "Flores Pedreira, Guillermo"]
[Result "0-1"]
[WhiteElo "1331"]
[BlackElo "1782"]
[PlyCount "124"]
[EventDate "2022.03.07"]
[EventType "swiss"]
[EventRounds "6"]
[EventCountry "URU"]
[SourceTitle "EXT 2023"]
[Source "ChessBase"]
[SourceDate "2022.10.05"]
[SourceVersion "1"]
[SourceVersionDate "2022.10.05"]
[SourceQuality "1"]

1. d4 d5 2. Bf4 Bf5 3. c4 c6 4. Qb3 Qb6 5. c5 Qxb3 6. axb3 Na6 7. Bd2 e5 8. e3 Nc7 9. Nf3 exd4 10. exd4 g6 11. Nc3 Bg7 12. b4 Ne6 13. Be3 Bg4 14. Ne2 Ne7 15. Ne5 Bxe2 16. Bxe2 Nf5 17. Rd1 Nexd4 18. Bxd4 Nxd4 19. Rxd4 Bxe5 20. Rd2 a5 21. b5 0-0 22. 0-0 Rfe8 23. b3 a4 24. bxa4 Rxa4 25. bxc6 bxc6 26. Rc2 Rea8 27. Rb1 Ra1 28. Rxa1 Rxa1+ 29. Bf1 Bd4 30. Re2 Rc1 31. g3 Bxc5 32. Kg2 Bd4 33. Ra2 Ra1 34. Rxa1 Bxa1 35. Kf3 Kg7 36. Ba6 c5 37. Bb7 d4 38. Bd5 f5 39. Bc4 Kf6 40. Ke2 Ke5 41. Bg8 h6 42. Bf7 g5 43. f3 g4 44. fxg4 fxg4 45. Kd3 Bc3 46. Bh5 Kf5 47. Bf7 Kg5 48. Kc4 Bb4 49. Kd3 h5 50. Be6 h4 51. Bd5 hxg3 52. hxg3 Be1 53. Kc4 Bxg3 54. Kxc5 Bf2 55. Kc4 Kf4 56. Kd3 Kg3 57. Ke2 Be3 58. Be4 Kh2 59. Kf1 g3 60. Bf3 d3 61. Be4 d2 62. Bf3 g2+ 0-1